| 000 | 00525nam a2200193Ia 4500 | ||
|---|---|---|---|
| 003 | GCL | ||
| 008 | 140319s9999 xx 000 0 eng d | ||
| 040 |
_aGCL / _cGCL |
||
| 082 | 0 | 4 |
_a372.5 _bT U |
| 100 | 1 | _aTICKLE, LES | |
| 245 | 1 | 0 |
_aUNDERSTANDING ART IN PRIMARY SCHOOLS: CASES FROM TEACHER RESEARCH / _cTICKLE, LES |
| 260 |
_a[S.N] : _bROUTLEDGE ، _c1996 |
||
| 300 | _a270 P | ||
| 650 | 0 | 4 | _aPRIMARY SCHOOLS |
| 650 | 0 | 4 | _aEDUCATION |
| 650 | 0 | 4 | _aEDUCATION - RESEARCH |
| 650 | 0 | 4 | _aART IN EDUCATION |
| 942 |
_2ddc _cBK |
||
| 999 |
_c13463 _d13463 |
||